00471nam a2200145Ia 4500008004100000041001200041082001100053100002200064245006300086260000600149650000600155942000700161999001700168952014000185221030s9999 xx 000 0 und d aEnglish a105.23 aB. S. Raghuwanshi 2aA Course in Workshop TechnologyVol.1cby B. S. Raghuwanshi c0 aB cBK c11071d11071 pB 149l0o105.23 r2022-10-30 00:00:00w2022-10-30yBK003Print4070aMIETLIBbMIETLIBcBL-, FL-, CUP-0, SH-0, R-0d2012-06-0710HBE